| 000 | 01227nam a2200229Ia 4500 | ||
|---|---|---|---|
| 001 | L198-14518 | ||
| 003 | IT-CnALBA | ||
| 008 | 170116s9999||||xx |||||||||||||| ||und|| | ||
| 040 |
_aIT-CnALBA _cIT-CnALBA |
||
| 041 | _aITALIANO | ||
| 100 | _aKIERKEGAARD SOEREN, DANESE. | ||
| 245 | 0 | _aENTEN-ELLER. (AUT-AUT). UN FRAMMENTO DI VITA. VOL. II. | |
| 250 | _a2a ed. | ||
| 260 |
_aMILANO _bADELPHI - EDIZIONI, S.P.A. _c1977 [1° Ed.: - Ed.Ling.Originale: 1843] |
||
| 300 | _a217 p. (prefazione: 9) | ||
| 500 | _aIL RIFLESSO DEL TRAGICO ANTICO NEL TRAGICO MODERNO. UN SAGGIO DI RICERCA FRAMMENTARIA. SILHOUETTES. PASSATEMPO PSICOLOGICO. IL PIÙ INFELICE. UNA FERVENTE ARRINGA. IL PRIMO AMORE. COMMEDIA IN UN ATTO. NOTE ESSENZIALI. A CURA DI ALESSANDRO CORTESE. | ||
| 501 | _aSocietà San Paolo EM - Piazza San Paolo, 14 - 12051 ALBA (CN) (non commercial uses only) ® Copyright 2017 | ||
| 520 | _aIL RIFLESSO DEL TRAGICO ANTICO NEL TRAGICO MODERNO. UN SAGGIO DI RICERCA FRAMMENTARIA. SILHOUETTES. PASSATEMPO PSICOLOGICO. IL PIÙ INFELICE. UNA FERVENTE ARRINGA. IL PRIMO AMORE. COMMEDIA IN UN ATTO. NOTE ESSENZIALI. A CURA DI ALESSANDRO CORTESE. | ||
| 650 | _aFILOSOFIA SCANDINAVA | ||
| 942 | _cBK | ||
| 957 | _71 | ||
| 999 |
_a19270 _bNO _g Copie: 1 _c273692 _d273692 |
||